| 000 | 00392nam a22001697a 4500 | ||
|---|---|---|---|
| 005 | 20160628144220.0 | ||
| 008 | 160628b xxu||||| |||| 00| 0 eng d | ||
| 020 | _a978-81-89107-41-1 | ||
| 041 | _aeng | ||
| 082 | _b10602 | ||
| 100 |
_aBennet, Scott _93078 |
||
| 245 | _aThe Elements of Resume style | ||
| 260 |
_bIndira _c2009 |
||
| 300 | _a114 | ||
| 650 |
_aManagement _9241 |
||
| 942 | _cBK | ||
| 999 |
_c4469 _d4468 |
||